| 000 | 00454pab a2200157 454500 | ||
|---|---|---|---|
| 008 | 180718b2006 xxu||||| |||| 00| 0 eng d | ||
| 100 | _aPaul, Samuel | ||
| 245 | _aPublic spending, outcomes and accountability: citizen report card as a catalyst for public action | ||
| 260 | _c2006 | ||
| 300 | _ap.333-40. | ||
| 362 | _a28 Jan | ||
| 650 | _aAccountability | ||
| 650 | _aPublic expenditure | ||
| 773 | _aEconomic and Political Weekly | ||
| 909 | _a69802 | ||
| 999 |
_c69802 _d69802 |
||